[Event "SVK ECo-C Extraliga 2021-22"]
[Site "Slovakia"]
[Date "2022.02.19"]
[Round "3.3"]
[White "Vymazal, Bronislav"]
[Black "Mrva, Martin"]
[Result "1-0"]
[WhiteElo "2385"]
[BlackElo "2383"]
[Annotator "ChessBase"]
[PlyCount "79"]
[EventDate "2021.10.21"]
[EventType "team-tourn"]
[EventCountry "SVK"]
[SourceTitle "playchess.com"]
[Source "ChessBase"]
[SourceQuality "1"]
[TimeControl "40/5400+30:1800+30"]

1. Nf3 {[%emt 0:00:03]} Nf6 {[%emt 0:00:06]} 2. g3 {[%emt 0:00:04]} c5 {[%emt 0:01:12]} 3. Bg2 {[%emt 0:00:11]} Nc6 {[%emt 0:01:45]} 4. c4 {[%emt 0:10:00]} d6 {[%emt 0:02:36]} 5. Nc3 {[%emt 0:01:19]} Bd7 {[%emt 0:02:00]} 6. O-O {[%emt 0:00:33]} a6 {[%emt 0:03:07]} 7. d4 {[%emt 0:15:10]} cxd4 {[%emt 0:00:34]} 8. Nxd4 {[%emt 0:00:10]} Rc8 {[%emt 0:00:56]} 9. b3 {[%emt 0:09:50]} e6 {[%emt 0:07:39]} 10. Nc2 {[%emt 0:02:13]} Be7 {[%emt 0:05:04]} 11. Qd2 {[%emt 0:00:14]} O-O {[%emt 0:01:00]} 12. Rd1 {[%emt 0:00:17]} Qa5 {[%emt 0:10:04]} 13. Ba3 {[%emt 0:14:39]} Qe5 {[%emt 0:25:02]} 14. f4 {[%emt 0:09:42]} Qh5 {[%emt 0:01:01]} 15. Bxd6 {[%emt 0:08:40]} Bxd6 {[%emt 0:00:18]} 16. Qxd6 {[%emt 0:00:05]} Rfd8 {[%emt 0:01:16]} 17. Ne3 {[%emt 0:02:03]} Be8 {[%emt 0:01:57]} 18. Qa3 {[%emt 0:01:13]} b5 {[%emt 0:02:13]} 19. Bf3 {[%emt 0:01:16]} b4 {[%emt 0:09:09]} 20. Bxh5 {[%emt 0:00:46]} bxa3 {[%emt 0:00:05]} 21. Bf3 {[%emt 0:00:15]} Nb4 {[%emt 0:00:17]} 22. Kf2 {[%emt 0:06:16]} Kf8 {[%emt 0:00:37]} 23. Ke1 {[%emt 0:01:16]} Ke7 {[%emt 0:01:21]} 24. Rxd8 {[%emt 0:00:34]} Rxd8 {[%emt 0:00:18]} 25. Nb1 {[%emt 0:00:22]} Bc6 {[%emt 0:09:51]} 26. Bxc6 Nxc6 {[%emt 0:00:03]} 27. Nxa3 {[%emt 0:03:29]} Ne4 {[%emt 0:00:25]} 28. Nac2 {[%emt 0:00:26]} Rb8 {[%emt 0:00:20]} 29. Nd1 {[%emt 0:01:53]} a5 {[%emt 0:02:07]} 30. Nf2 {[%emt 0:00:32]} Nxf2 {[%emt 0:00:30]} 31. Kxf2 {[%emt 0:00:05]} a4 {[%emt 0:00:12]} 32. Rb1 {[%emt 0:02:34]} Na5 {[%emt 0:03:46]} 33. Nd4 {[%emt 0:00:52]} Rb4 {[%emt 0:03:11]} 34. e3 {[%emt 0:05:01]} f6 {[%emt 0:01:01]} 35. Rd1 {[%emt 0:01:32]} axb3 {[%emt 0:00:27]} 36. axb3 {[%emt 0:00:13]} g6 {[%emt 0:01:41]} 37. Ra1 {[%emt 0:00:30]} e5 {[%emt 0:01:14]} 38. fxe5 {[%emt 0:00:41]} fxe5 {[%emt 0:00:04]} 39. Rxa5 {[%emt 0:00:15]} exd4 {[%emt 0:00:06]} 40. Rb5 {[%emt 0:00:28]} 1-0

[Event "SVK ECo-C Extraliga 2021-22"]
[Site "Slovakia"]
[Date "2022.02.19"]
[Round "3.3"]
[White "Mikrut, Dariusz"]
[Black "Plachetka, Jan"]
[Result "1/2-1/2"]
[WhiteElo "2377"]
[BlackElo "2308"]
[Annotator "ChessBase"]
[PlyCount "122"]
[EventDate "2021.10.21"]
[EventType "team-tourn"]
[EventCountry "SVK"]
[SourceTitle "playchess.com"]
[Source "ChessBase"]
[SourceQuality "1"]
[TimeControl "40/5400+30:1800+30"]

1. d4 {[%emt 0:00:28]} Nf6 {[%emt 0:00:14]} 2. Nf3 {[%emt 0:00:15]} g6 {[%emt 0:00:48]} 3. c4 {[%emt 0:01:08]} Bg7 {[%emt 0:00:08]} 4. Nc3 {[%emt 0:00:14]} d5 {[%emt 0:00:22]} 5. cxd5 {[%emt 0:01:53]} Nxd5 {[%emt 0:00:05]} 6. e4 {[%emt 0:01:10]} Nxc3 {[%emt 0:00:09]} 7. bxc3 {[%emt 0:00:06]} c5 {[%emt 0:00:33]} 8. h3 {[%emt 0:00:58]} Nc6 {[%emt 0:03:54]} 9. Be3 {[%emt 0:01:22]} Qa5 {[%emt 0:01:37]} 10. Bd2 {[%emt 0:00:45]} O-O {[%emt 0:00:30]} 11. Bc4 {[%emt 0:00:30]} b5 {[%emt 0:00:30]} 12. Bd5 {[%emt 0:00:30]} Bb7 {[%emt 0:00:30]} 13. O-O {[%emt 0:00:30]} e6 {[%emt 0:00:30]} 14. Bb3 {[%emt 0:00:30]} Qc7 {[%emt 0:00:30]} 15. d5 {[%emt 0:00:30]} exd5 {[%emt 0:00:30]} 16. Bxd5 {[%emt 0:00:30]} Na5 {[%emt 0:00:30]} 17. Bxb7 {[%emt 0:00:30]} Qxb7 {[%emt 0:00:30]} 18. Qc2 {[%emt 0:00:30]} Nc4 {[%emt 0:00:30]} 19. Bf4 {[%emt 0:00:30]} Rfe8 {[%emt 0:00:30]} 20. Rfe1 {[%emt 0:00:30]} b4 {[%emt 0:00:30]} 21. e5 {[%emt 0:00:30]} Na3 {[%emt 0:00:30]} 22. Qa4 {[%emt 0:00:30]} Qb5 {[%emt 0:00:30]} 23. Qxb5 {[%emt 0:00:30]} Nxb5 {[%emt 0:00:30]} 24. cxb4 {[%emt 0:00:30]} cxb4 {[%emt 0:00:30]} 25. Rac1 {[%emt 0:00:30]} Rac8 {[%emt 0:00:30]} 26. Ra1 {[%emt 1:05:44]} Ra8 {[%emt 0:53:17]} 27. Rac1 {[%emt 0:03:23]} Rac8 {[%emt 0:00:31]} 28. Bd2 {[%emt 0:04:43]} a5 {[%emt 0:04:41]} 29. Kf1 {[%emt 0:03:17]} Na3 {[%emt 0:07:30]} 30. Re4 {[%emt 0:00:05]} Rxc1+ {[%emt 0:00:34]} 31. Bxc1 {[%emt 0:00:26]} Nb5 {[%emt 0:02:39]} 32. Rc4 {[%emt 0:03:35]} Bf8 {[%emt 0:02:23]} 33. Bd2 {[%emt 0:06:16]} Rb8 {[%emt 0:09:18]} 34. Ng5 {[%emt 0:01:17]} Na3 {[%emt 0:03:12]} 35. Rc7 {[%emt 0:00:47]} Bh6 {[%emt 0:00:43]} 36. e6 {[%emt 0:00:30]} fxe6 {[%emt 0:01:24]} 37. Nxh7 {[%emt 0:00:29]} Bg7 {[%emt 0:03:02]} 38. Ng5 {[%emt 0:00:20]} Nb5 {[%emt 0:00:51]} 39. Rc5 {[%emt 0:00:10]} Bf8 {[%emt 0:01:26]} 40. Rc4 Na3 41. Rc6 {[%emt 0:31:12]} Bh6 {[%emt 0:31:30]} 42. Rxe6 {[%emt 0:00:00]} Bxg5 43. Rxg6+ {[%emt 0:00:01]} Kf7 {[%emt 0:00:23]} 44. Rxg5 {[%emt 0:03:46]} a4 {[%emt 0:00:00]} 45. Bc1 {[%emt 0:00:00]} Nb1 {[%emt 0:00:00]} 46. Rc5 Nc3 47. a3 {[%emt 0:00:00]} Rd8 {[%emt 0:00:00]} 48. Re5 {[%emt 0:00:00]} b3 {[%emt 0:00:00]} 49. Re1 {[%emt 0:00:00]} Nd1 {[%emt 0:00:00]} 50. Ke2 {[%emt 0:00:00]} b2 {[%emt 0:00:00]} 51. Bxb2 {[%emt 0:00:00]} Nxb2 {[%emt 0:00:00]} 52. Rb1 {[%emt 0:00:00]} Nc4 {[%emt 0:00:00]} 53. Rb4 {[%emt 0:00:00]} Nxa3 {[%emt 0:00:00]} 54. Rxa4 {[%emt 0:00:00]} Nb5 {[%emt 0:00:00]} 55. Rf4+ Kg6 56. g3 {[%emt 0:00:00]} Nd4+ {[%emt 0:00:06]} 57. Ke3 {[%emt 0:00:00]} Ne6 {[%emt 0:00:32]} 58. Rc4 {[%emt 0:00:00]} Ng5 {[%emt 0:00:51]} 59. Rc6+ {[%emt 0:00:00]} Kg7 {[%emt 0:00:29]} 60. Rc7+ {[%emt 0:00:00]} Kg6 {[%emt 0:00:10]} 61. Rc6+ {[%emt 0:00:00]} Kg7 {[%emt 0:00:05]} 1/2-1/2

[Event "SVK ECo-C Extraliga 2021-22"]
[Site "Slovakia"]
[Date "2022.02.19"]
[Round "3.4"]
[White "Malinovsky, Karel"]
[Black "Motuz, Karol"]
[Result "1/2-1/2"]
[WhiteElo "2473"]
[BlackElo "2315"]
[Annotator "TA"]
[PlyCount "42"]
[EventDate "2021.10.21"]
[EventType "team-tourn"]
[EventCountry "SVK"]
[SourceTitle "playchess.com"]
[Source "ChessBase"]
[SourceQuality "1"]

{[%evp 18,42,37,39,22,32,30,33,33,45,43,18,17,11,9,10,22,-13,5,10,7,7,8,6,7,4,6]} 1. d4 d5 2. c4 e6 3. Nf3 Nf6 4. g3 Be7 5. Bg2 O-O 6. O-O dxc4 7. Ne5 c5 8. dxc5 Qc7 9. Nxc4 Qxc5 10. b3 Rd8 {E05: Open Catalan: 5 Nf3 Be7.} 11. Nbd2 Qc7 12. Bb2 Nc6 {White is slightly better.} 13. Rc1 Bd7 14. Ne5 Qa5 {The position is equal.} 15. Ndc4 Qa6 (15... Qxa2 $2 {[#]} 16. Nxf7 $1 {[%mdl 512]} (16. Ra1 Qxb2 17. Nxb2 Nxe5 $18) 16... Kxf7 17. Ra1 Qxa1 18. Qxa1 $18) 16. Nd3 Be8 {[#]} (16... Qxa2 $2 17. Ra1 Qxa1 18. Qxa1 $18) 17. Nce5 $146 (17. Ne3 {keeps more tension.} Rac8 18. Rc2 Nb8 19. a4 b5 20. Rxc8 Rxc8 21. axb5 Bxb5 22. Nc4) ({Predecessor:} 17. a3 Rac8 18. Nce5 Nxe5 19. Rxc8 Rxc8 20. Nxe5 Bb5 21. Re1 Bxa3 22. Bxb7 Qxb7 23. Bxa3 {½-½ (29) Pogan,N (2236)-Sokratov,S (2217) Wuerttemberg 2017}) 17... Rac8 18. Nxc6 Bxc6 19. Bxc6 Rxc6 20. Rxc6 Qxc6 21. Qc1 Rc8 {Weighted Error Value: White=0.07 (flawless) /Black=0.03 (flawless)} 1/2-1/2

[Event "SVK ECo-C Extraliga 2021-22"]
[Site "Slovakia"]
[Date "2022.02.19"]
[Round "3.4"]
[White "Jurcik Martin"]
[Black "Borhy Marcell"]
[Result "1/2-1/2"]
[WhiteElo "2390"]
[BlackElo "2381"]
[Annotator "ChessBase"]
[PlyCount "43"]
[EventDate "2021.10.21"]
[EventType "team-tourn"]
[EventCountry "SVK"]
[SourceTitle "playchess.com"]
[Source "ChessBase"]
[SourceQuality "1"]
[TimeControl "40/5400+30:1800+30"]

1. c4 {[%emt 0:00:11]} Nf6 {[%emt 0:00:43]} 2. Nf3 {[%emt 0:01:03]} e6 {[%emt 0:00:09]} 3. e3 {[%emt 0:33:03]} d5 {[%emt 0:12:54]} 4. b3 {[%emt 0:00:30]} Be7 {[%emt 0:00:30]} 5. Bb2 {[%emt 0:00:30]} O-O {[%emt 0:00:30]} 6. Be2 {[%emt 0:00:30]} b6 {[%emt 0:00:30]} 7. O-O {[%emt 0:00:30]} Bb7 {[%emt 0:00:30]} 8. d4 {[%emt 0:00:30]} dxc4 {[%emt 0:00:30]} 9. Bxc4 {[%emt 0:00:30]} Nbd7 {[%emt 0:00:30]} 10. Qe2 {[%emt 0:00:30]} c5 {[%emt 0:00:30]} 11. Nbd2 {[%emt 0:00:30]} cxd4 {[%emt 0:00:30]} 12. Nxd4 {[%emt 0:00:30]} Nc5 {[%emt 0:00:30]} 13. Rfd1 {[%emt 0:00:30]} a6 {[%emt 0:01:07]} 14. a4 {[%emt 0:00:57]} Qb8 {[%emt 0:00:21]} 15. b4 {[%emt 0:05:29]} Nxa4 {[%emt 0:06:31]} 16. Rxa4 {[%emt 0:01:46]} b5 {[%emt 0:00:53]} 17. Nxb5 {[%emt 0:21:00]} axb5 {[%emt 0:00:24]} 18. Rxa8 {[%emt 0:00:29]} Bxa8 {[%emt 0:02:02]} 19. Bxb5 {[%emt 0:01:01]} Rd8 {[%emt 0:10:21]} 20. Bd4 {[%emt 0:07:55]} Qb7 {[%emt 0:03:52]} 21. Nf3 {[%emt 0:01:54]} Bxb4 {[%emt 0:05:04]} 22. Rb1 {[%emt 0:04:14]} 1/2-1/2

[Event "SVK ECo-C Extraliga 2021-22"]
[Site "Slovakia"]
[Date "2022.02.19"]
[Round "3.4"]
[White "Jablonicky, Martin"]
[Black "Manik, Mikulas"]
[Result "0-1"]
[WhiteElo "2317"]
[BlackElo "2349"]
[Annotator "ChessBase"]
[PlyCount "58"]
[EventDate "2021.10.21"]
[EventType "team-tourn"]
[EventCountry "SVK"]
[SourceTitle "playchess.com"]
[Source "ChessBase"]
[SourceQuality "1"]
[TimeControl "40/5400+30:1800+30"]

1. d4 {[%emt 0:00:02]} Nf6 {[%emt 0:00:09]} 2. c4 {[%emt 0:00:05]} g6 {[%emt 0:00:29]} 3. Nc3 {[%emt 0:00:06]} Bg7 {[%emt 0:00:03]} 4. e4 {[%emt 0:00:04]} d6 {[%emt 0:00:04]} 5. h3 {[%emt 0:00:05]} O-O {[%emt 0:00:06]} 6. Be3 {[%emt 0:00:04]} c6 {[%emt 0:01:06]} 7. Nge2 {[%emt 0:16:46]} Na6 {[%emt 0:09:04]} 8. g4 {[%emt 0:00:10]} e5 {[%emt 0:03:32]} 9. d5 {[%emt 0:00:10]} cxd5 {[%emt 0:06:34]} 10. cxd5 {[%emt 0:03:42]} Qa5 {[%emt 0:01:04]} 11. Qd2 {[%emt 0:15:37]} Nc5 {[%emt 0:00:57]} 12. Rb1 {[%emt 0:00:08]} Nfxe4 {[%emt 0:04:26]} 13. Nxe4 {[%emt 0:00:19]} Nd3+ {[%emt 0:00:01]} 14. Kd1 {[%emt 0:00:39]} Qa4+ {[%emt 0:00:04]} 15. Qc2 {[%emt 0:20:52]} Qxe4 {[%emt 0:00:30]} 16. Ng3 Qf3+ {[%emt 0:00:30]} 17. Qe2 {[%emt 0:01:00]} Qxe2+ {[%emt 0:00:30]} 18. Bxe2 {[%emt 0:00:30]} Nb4 {[%emt 0:00:30]} 19. Bf1 {[%emt 0:00:30]} Nd3 20. Be2 Nb4 {[%emt 0:13:16]} 21. Bc4 {[%emt 0:02:50]} b5 {[%emt 0:00:11]} 22. Bxb5 {[%emt 0:01:51]} Nxd5 {[%emt 0:00:27]} 23. Bc6 {[%emt 0:00:53]} Nxe3+ {[%emt 0:00:15]} 24. fxe3 {[%emt 0:00:04]} Rb8 {[%emt 0:00:14]} 25. Kd2 {[%emt 0:00:56]} Be6 {[%emt 0:09:30]} 26. b3 {[%emt 0:00:04]} d5 {[%emt 0:01:55]} 27. Ke2 {[%emt 0:00:08]} Rfc8 {[%emt 0:06:47]} 28. Rhc1 {[%emt 0:01:53]} Bh6 {[%emt 0:17:25]} 29. Rc5 {[%emt 0:06:42]} Bf8 {[%emt 0:01:03]} 0-1

[Event "SVK ECo-C Extraliga 2021-22"]
[Site "Slovakia"]
[Date "2022.02.19"]
[Round "3.4"]
[White "Krak, Tomas"]
[Black "Likavsky, Tomas"]
[Result "0-1"]
[WhiteElo "2306"]
[BlackElo "2415"]
[Annotator "ChessBase"]
[PlyCount "71"]
[EventDate "2021.10.21"]
[EventType "team-tourn"]
[EventCountry "SVK"]
[SourceTitle "playchess.com"]
[Source "ChessBase"]
[SourceQuality "1"]
[TimeControl "40/5400+30:1800+30"]

1. e4 {[%emt 0:00:08]} c5 {[%emt 0:03:14]} 2. Nf3 {[%emt 0:00:15]} d6 {[%emt 0:00:07]} 3. d4 {[%emt 0:04:28]} cxd4 {[%emt 0:00:08]} 4. Qxd4 {[%emt 0:02:51]} Nc6 {[%emt 0:00:32]} 5. Bb5 {[%emt 0:00:12]} Bd7 {[%emt 0:00:16]} 6. Bxc6 {[%emt 0:00:07]} Bxc6 {[%emt 0:00:04]} 7. Nc3 {[%emt 0:00:13]} e5 {[%emt 0:00:41]} 8. Qd3 {[%emt 0:00:17]} h6 {[%emt 0:01:10]} 9. Be3 {[%emt 0:01:28]} Nf6 {[%emt 0:00:26]} 10. h3 {[%emt 0:00:38]} b5 {[%emt 0:05:51]} 11. O-O-O {[%emt 0:22:03]} Qd7 {[%emt 0:25:12]} 12. Nd2 {[%emt 0:13:06]} b4 {[%emt 0:14:00]} 13. Nd5 {[%emt 0:01:14]} Nxd5 {[%emt 0:00:45]} 14. exd5 {[%emt 0:00:14]} Bb5 {[%emt 0:00:05]} 15. Qe4 {[%emt 0:03:33]} a5 {[%emt 0:05:54]} 16. f4 {[%emt 0:17:18]} f5 {[%emt 0:01:57]} 17. Qf3 {[%emt 0:00:20]} Rc8 {[%emt 0:04:51]} 18. Kb1 {[%emt 0:03:52]} a4 {[%emt 0:03:09]} 19. fxe5 {[%emt 0:06:54]} dxe5 {[%emt 0:00:06]} 20. Rhe1 {[%emt 0:00:40]} Bd6 {[%emt 0:07:07]} 21. g4 {[%emt 0:06:16]} O-O {[%emt 0:11:24]} 22. gxf5 {[%emt 0:00:05]} Rxf5 {[%emt 0:04:11]} 23. Qg2 {[%emt 0:00:48]} Bf8 {[%emt 0:02:35]} 24. Ne4 {[%emt 0:03:59]} b3 {[%emt 0:00:29]} 25. axb3 {[%emt 0:01:42]} axb3 {[%emt 0:00:04]} 26. cxb3 {[%emt 0:00:21]} Kh8 {[%emt 0:00:55]} 27. Rg1 {[%emt 0:01:53]} Rh5 {[%emt 0:00:42]} 28. Qg6 {[%emt 0:03:07]} Qe8 {[%emt 0:01:47]} 29. Qg3 {[%emt 0:03:12]} Bd7 {[%emt 0:01:11]} 30. Rdf1 {[%emt 0:00:44]} Rxh3 {[%emt 0:00:36]} 31. Qf2 {[%emt 0:02:05]} Bb5 {[%emt 0:00:35]} 32. Rd1 {[%emt 0:00:48]} Qh5 {[%emt 0:00:36]} 33. Nf6 {[%emt 0:01:21]} Qf3 {[%emt 0:00:20]} 34. Qxf3 {[%emt 0:00:38]} Rxf3 {[%emt 0:00:04]} 35. Ng4 {[%emt 0:00:10]} Bd7 {[%emt 0:00:20]} 36. Ba7 0-1

[Event "SVK ECo-C Extraliga 2021-22"]
[Site "Slovakia"]
[Date "2022.02.19"]
[Round "3.5"]
[White "Bures, Jaroslav"]
[Black "Veres, Andrej"]
[Result "1-0"]
[WhiteElo "2411"]
[BlackElo "2185"]
[Annotator "ChessBase"]
[PlyCount "75"]
[EventDate "2021.10.21"]
[EventType "team-tourn"]
[EventCountry "SVK"]
[SourceTitle "playchess.com"]
[Source "ChessBase"]
[SourceQuality "1"]
[TimeControl "40/5400+30:1800+30"]

1. d4 Nf6 2. c4 e6 3. Nc3 Bb4 4. e3 O-O 5. Bd3 d5 6. a3 Bxc3+ 7. bxc3 c5 8. cxd5 exd5 9. Ne2 Re8 10. f3 {[%emt 0:04:29]} Nc6 {[%emt 0:21:30]} 11. O-O {[%emt 0:00:14]} Na5 {[%emt 0:22:24]} 12. Ng3 {[%emt 0:06:14]} Qc7 {[%emt 0:03:24]} 13. Rb1 {[%emt 0:07:41]} Be6 {[%emt 0:08:24]} 14. e4 {[%emt 0:01:18]} dxe4 {[%emt 0:06:41]} 15. fxe4 {[%emt 0:00:19]} Bg4 {[%emt 0:00:29]} 16. Qd2 {[%emt 0:04:46]} Rad8 {[%emt 0:07:07]} 17. e5 {[%emt 0:09:48]} Nh5 {[%emt 0:03:54]} 18. Ne4 {[%emt 0:09:10]} cxd4 {[%emt 0:02:54]} 19. Qg5 {[%emt 0:00:28]} Rxe5 {[%emt 0:11:58]} 20. Qxg4 {[%emt 0:00:51]} dxc3 {[%emt 0:04:22]} 21. Bc2 {[%emt 0:05:39]} g6 {[%emt 0:07:03]} 22. Bg5 {[%emt 0:09:07]} Rde8 {[%emt 0:00:41]} 23. Nf6+ {[%emt 0:04:31]} Nxf6 {[%emt 0:00:27]} 24. Bxf6 {[%emt 0:00:03]} Rh5 {[%emt 0:00:33]} 25. Rf4 {[%emt 0:05:36]} b5 {[%emt 0:00:34]} 26. h4 {[%emt 0:14:47]} Nc4 {[%emt 0:00:32]} 27. Rxc4 {[%emt 0:00:26]} bxc4 {[%emt 0:00:14]} 28. Bxc3 {[%emt 0:02:22]} Qc5+ {[%emt 0:00:43]} 29. Bd4 {[%emt 0:00:03]} Qe7 {[%emt 0:00:28]} 30. Bf2 {[%emt 0:01:46]} Qxa3 {[%emt 0:00:14]} 31. Qxc4 {[%emt 0:00:16]} Rhe5 {[%emt 0:00:44]} 32. Rf1 {[%emt 0:03:56]} Qe7 {[%emt 0:00:37]} 33. Bb3 {[%emt 0:01:06]} Re4 {[%emt 0:00:26]} 34. Qc1 {[%emt 0:00:38]} a5 {[%emt 0:00:34]} 35. Bc5 {[%emt 0:01:16]} Re1 {[%emt 0:00:26]} 36. Bxe7 {[%emt 0:00:36]} Rxc1 {[%emt 0:00:10]} 37. Bxf7+ {[%emt 0:00:21]} Kg7 {[%emt 0:00:03]} 38. Bxe8 {[%emt 0:00:17]} 1-0

[Event "SVK ECo-C Extraliga 2021-22"]
[Site "Slovakia"]
[Date "2022.02.19"]
[Round "3.5"]
[White "Nguyen, Piotr"]
[Black "Karas, Marek"]
[Result "1/2-1/2"]
[WhiteElo "2401"]
[BlackElo "2285"]
[Annotator "ChessBase"]
[PlyCount "124"]
[EventDate "2021.10.21"]
[EventType "team-tourn"]
[EventCountry "SVK"]
[SourceTitle "playchess.com"]
[Source "ChessBase"]
[SourceQuality "1"]
[TimeControl "40/5400+30:1800+30"]

1. e4 {[%emt 0:00:03]} e6 {[%emt 0:00:07]} 2. d4 {[%emt 0:00:05]} d5 {[%emt 0:00:05]} 3. exd5 {[%emt 0:00:08]} exd5 {[%emt 0:00:07]} 4. Nf3 {[%emt 0:00:04]} Nc6 {[%emt 0:01:52]} 5. Bb5 {[%emt 0:00:31]} Bg4 {[%emt 0:01:47]} 6. O-O {[%emt 0:03:30]} Nf6 {[%emt 0:00:59]} 7. h3 {[%emt 0:07:06]} Bxf3 {[%emt 0:00:26]} 8. Qxf3 {[%emt 0:00:05]} Be7 {[%emt 0:00:31]} 9. c3 {[%emt 0:10:45]} O-O {[%emt 0:00:29]} 10. Bf4 {[%emt 0:00:18]} Ne4 {[%emt 0:09:00]} 11. Nd2 {[%emt 0:01:44]} Nxd2 {[%emt 0:01:01]} 12. Bxd2 {[%emt 0:00:05]} Bg5 {[%emt 0:01:09]} 13. Bf4 {[%emt 0:05:57]} Bxf4 {[%emt 0:02:08]} 14. Qxf4 {[%emt 0:00:05]} Re8 {[%emt 0:01:24]} 15. Rae1 {[%emt 0:16:17]} Qd7 {[%emt 0:16:04]} 16. Re3 {[%emt 0:00:30]} Rxe3 {[%emt 0:00:30]} 17. fxe3 {[%emt 0:00:30]} Re8 {[%emt 0:00:30]} 18. Bd3 {[%emt 0:00:30]} Nd8 19. e4 {[%emt 0:00:30]} dxe4 {[%emt 0:01:00]} 20. Bxe4 {[%emt 0:00:30]} Qd6 {[%emt 0:00:30]} 21. Bd3 {[%emt 0:03:24]} Qd7 22. Be4 Qd6 {[%emt 0:04:55]} 23. Qxd6 {[%emt 0:06:07]} cxd6 {[%emt 0:00:49]} 24. Re1 {[%emt 0:01:07]} Kf8 {[%emt 0:06:27]} 25. Kf2 {[%emt 0:00:10]} Ne6 {[%emt 0:02:11]} 26. a4 {[%emt 0:03:22]} Nc7 {[%emt 0:03:20]} 27. Re3 {[%emt 0:10:36]} d5 {[%emt 0:02:34]} 28. Bc2 {[%emt 0:04:36]} Rxe3 {[%emt 0:04:00]} 29. Kxe3 {[%emt 0:00:04]} Ke7 {[%emt 0:01:03]} 30. b3 {[%emt 0:07:10]} g6 {[%emt 0:04:14]} 31. h4 {[%emt 0:04:26]} h6 {[%emt 0:01:18]} 32. c4 {[%emt 0:05:59]} Ke6 {[%emt 0:04:29]} 33. g4 {[%emt 0:03:10]} a5 {[%emt 0:03:10]} 34. Kf4 {[%emt 0:04:41]} b6 {[%emt 0:01:50]} 35. Bd1 {[%emt 0:01:20]} Kd6 {[%emt 0:00:37]} 36. Bf3 {[%emt 0:00:19]} Ne6+ {[%emt 0:02:38]} 37. Ke3 {[%emt 0:00:04]} dxc4 {[%emt 0:00:14]} 38. bxc4 {[%emt 0:00:05]} Nc7 {[%emt 0:02:46]} 39. Bb7 {[%emt 0:01:22]} Ke6 {[%emt 0:02:09]} 40. Kf4 {[%emt 0:01:44]} Kf6 {[%emt 0:04:02]} 41. Bc8 {[%emt 0:30:59]} Ne8 {[%emt 0:31:51]} 42. g5+ {[%emt 0:00:39]} hxg5+ {[%emt 0:00:13]} 43. hxg5+ {[%emt 0:00:06]} Ke7 {[%emt 0:00:15]} 44. Ke5 {[%emt 0:00:18]} f6+ {[%emt 0:01:56]} 45. gxf6+ {[%emt 0:00:00]} Nxf6 {[%emt 0:00:00]} 46. Bh3 {[%emt 0:00:00]} g5 {[%emt 0:00:00]} 47. Kf5 {[%emt 0:00:00]} Ne8 {[%emt 0:00:00]} 48. Kxg5 {[%emt 0:00:00]} Nd6 {[%emt 0:00:00]} 49. Bf1 {[%emt 0:00:00]} Ne4+ {[%emt 0:00:00]} 50. Kf4 {[%emt 0:00:00]} Nc3 {[%emt 0:00:00]} 51. Ke5 {[%emt 0:00:00]} Nxa4 {[%emt 0:00:00]} 52. Kd5 {[%emt 0:01:27]} Nc3+ {[%emt 0:00:00]} 53. Kc6 {[%emt 0:00:46]} a4 {[%emt 0:00:00]} 54. c5 {[%emt 0:02:38]} b5 {[%emt 0:00:00]} 55. d5 {[%emt 0:00:06]} a3 {[%emt 0:00:00]} 56. d6+ {[%emt 0:00:22]} Kd8 {[%emt 0:00:00]} 57. Bg2 {[%emt 0:01:34]} a2 {[%emt 0:00:00]} 58. Kb7 {[%emt 0:00:30]} a1=Q {[%emt 0:00:00]} 59. c6 {[%emt 0:00:07]} Qc1 {[%emt 0:02:11]} 60. c7+ {[%emt 0:00:48]} Kd7 {[%emt 0:00:06]} 61. c8=Q+ {[%emt 0:00:06]} Kxd6 {[%emt 0:00:07]} 62. Qf8+ {[%emt 0:01:17]} Ke6 {[%emt 0:00:36]} 1/2-1/2

[Event "SVK ECo-C Extraliga 2021-22"]
[Site "Slovakia"]
[Date "2022.02.19"]
[Round "3.5"]
[White "Varga Zoltan"]
[Black "Zvarik Martin"]
[Result "1-0"]
[WhiteElo "2390"]
[BlackElo "2233"]
[Annotator "ChessBase"]
[PlyCount "59"]
[EventDate "2021.10.21"]
[EventType "team-tourn"]
[EventCountry "SVK"]
[SourceTitle "playchess.com"]
[Source "ChessBase"]
[SourceQuality "1"]
[TimeControl "40/5400+30:1800+30"]

1. c4 {[%emt 0:01:10]} e5 {[%emt 0:00:49]} 2. Nf3 {[%emt 0:00:07]} Nc6 {[%emt 0:00:10]} 3. Nc3 {[%emt 0:00:04]} f5 {[%emt 0:00:14]} 4. d4 {[%emt 0:15:44]} e4 {[%emt 0:38:09]} 5. Ng5 {[%emt 0:00:30]} h6 {[%emt 0:00:30]} 6. Nh3 {[%emt 0:00:30]} g5 {[%emt 0:00:30]} 7. d5 {[%emt 0:00:30]} Ne5 {[%emt 0:00:30]} 8. f4 {[%emt 0:00:30]} Nf7 {[%emt 0:00:30]} 9. Qd4 {[%emt 0:00:30]} Be7 {[%emt 0:00:30]} 10. b3 {[%emt 0:00:30]} Bf6 {[%emt 0:00:30]} 11. Qd2 {[%emt 0:00:30]} Ne7 {[%emt 0:00:30]} 12. Bb2 {[%emt 0:00:30]} Ng6 {[%emt 0:00:30]} 13. e3 {[%emt 0:00:30]} Qe7 {[%emt 0:00:30]} 14. O-O-O {[%emt 0:01:58]} d6 {[%emt 0:01:13]} 15. Be2 {[%emt 0:00:28]} g4 {[%emt 0:05:36]} 16. Nf2 {[%emt 0:08:41]} Nh4 {[%emt 0:00:06]} 17. g3 {[%emt 0:03:27]} Nf3 {[%emt 0:00:14]} 18. Bxf3 {[%emt 0:00:23]} gxf3 {[%emt 0:00:22]} 19. g4 {[%emt 0:00:16]} Rg8 {[%emt 0:09:16]} 20. h3 {[%emt 0:07:17]} Bh4 {[%emt 0:03:06]} 21. Rdg1 {[%emt 0:05:20]} Bxf2 {[%emt 0:02:02]} 22. Qxf2 {[%emt 0:00:05]} fxg4 {[%emt 0:00:21]} 23. hxg4 {[%emt 0:00:10]} Rxg4 {[%emt 0:00:14]} 24. Qc2 {[%emt 0:01:36]} Bf5 {[%emt 0:09:32]} 25. Rxg4 {[%emt 0:03:49]} Bxg4 {[%emt 0:00:07]} 26. Nxe4 {[%emt 0:00:23]} O-O-O {[%emt 0:03:13]} 27. Bf6 {[%emt 0:01:49]} Qe8 {[%emt 0:00:08]} 28. Bxd8 {[%emt 0:00:14]} Kxd8 {[%emt 0:00:03]} 29. Nf6 {[%emt 0:03:50]} Qxe3+ {[%emt 0:11:00]} 30. Qd2 {[%emt 0:00:36]} 1-0